000 02429nam a2200277Ia 4500
999 _c56337
_d56337
001 23450
003 GE_BSU
005 20260121153348.0
008 181216s1999||||ge |||||||||||||| ||geo||
040 _cGE_BSU
041 _ageo
080 _a94(560)"13/15" + 94(479.22:560) ს-45
100 _aსვანიძე, მიხეილ
_95829
245 _aოსმალეთის ისტორია. ტომი 1,...(XIV-XVI სს.) /
_cმიხეილ სვანიძე ; რედაქტორი გ. ბერაძე ; საქ. მეცნ. აკად., აღმოსავლეთმცოდნ. ინ-ტი, აღმ.-დას. ურთ. კვლევის საერთ. ცენტრი, თბილისის აზიისა და აფრიკის ინ-ტი.
264 _aთბილისი :
_bქრონოგრაფი,
_c1999.
300 _a276 გვ. ;
_c 20 სმ.
500 _aწიგნში განხილულია ოსმალეთის სახელმწიფოს დაარსების, ჩამოყალიბებისა და იმპერიაში გადაზრდის ისტორია. მასში სათანადოდ არის გაშუქებული ოსმალეთ-საქართველოს ურთიერთობის საკითხები
504 _aბიბლიოგრაფია: გვ. 264-272
541 _h5 ლ.
546 _aპარალ. თავფ. რუს. და ინგლ. ენ.
653 _aოსმალეთის ისტორია:(XIV-XVI სს.)
653 _a საქართველო-ოსმალეთის ურთიერთობების ისტორია
700 _aბერაძე, გ.
_eრედაქტორი
_910073
710 _aსაქართველოს მეცნიერებათა აკადემია. აღმოსავლეთმცოდნეობის ინსტიტუტი
_bაღმოსავლეთ-დასავლეთის ურთიერთობათა კვლევის საერთაშორისო ცენტრი. თბილისის აზიისა და აფრიკის ინსტიტუტი
_926715
942 _cBK
_2udc